[Event "WA State Championship (Challengers)"]
[Site "Redmond, WA"]
[Date "2024.02.18"]
[Round "8"]
[White "Razmov, Valentin"]
[Black "Merriman, Dann"]
[Result "1-0"]
[WhiteElo "1861"]
[BlackElo "1662"]
[Annotator "Valentin Razmov"]
[PlyCount "89"]
[EventDate "2024.02.10"]
[EventType "tourn"]
[EventCountry "USA"]

{[%evp 0,89,19,34,32,-12,-11,2,2,-19,65,49,51,55,69,60,138,114,483,76,81,76,86,96,57,86,187,146,185,187,204,139,155,141,149,152,186,148,187,187,370,353,356,418,467,346,319,337,337,322,322,309,299,309,329,256,251,234,234,228,228,251,252,252,252,229,256,271,328,324,341,310,366,376,395,416,431,429,506,412,451,447,452,464,470,469,496,422,496,501,507,507]} 1. d4 d5 2. c4 e6 3. Nc3 Nf6 4. cxd5 Nxd5 {A little surprise. The common response by far is 4...exd5 here, though I knew that 4...Nxd5 is not as bad of an option as its reputation used to be years ago.} 5. e4 {A principled response.} (5. Nf3 c5 6. e4 Nxc3 7. bxc3 {leads to some of the same positions, with transposition.}) 5... Nxc3 6. bxc3 c5 {The positions (and many ideas) in this line resemble those of Gruenfeld Defense, Classical variation, even though Black's dark-squared bishop is not fianchettoed here.} 7. Nf3 (7. Rb1 {is known as the Kramnik variation in the Gruenfeld Defense context.} Be7) 7... Nc6 $2 {The second surprise to me. Although the knight move should be played at some point, the timing chosen by Black is odd -- since White's center is still very potent. Normally, players choose to exchange in the center first:} (7... cxd4 8. cxd4 Bb4+ 9. Bd2 Bxd2+ (9... Qa5 $6 10. Rb1 $1 Bxd2+ 11. Qxd2 Qxd2+ 12. Kxd2 b6 13. Rc1 O-O (13... Ba6 $6 14. Bb5+ $1 Kd8 15. Ba4 $16) 14. Ke3 {with visible advantage for White.}) 10. Qxd2 O-O 11. Bc4 $14) 8. d5 $1 {I spent a lot of time choosing whether to re-enter the familiar mainlines (after 8.Be2) or jump into this appealing sideline.  Ultimately, my decision was based on a combination of factors: (a) the tournament situation (with one round to go) was such that I had to play for a win, in order to be able to claim 1st place in my section; (b) earlier in the tournament I had a game where I decided against playing more actively in the opening under similar provocative circumstances, and regretted my decision; (c) despite calculation fairly long possible lines here, I didn't see trouble for White anywhere ahead.} Ne7 $2 {It was obvious that my previous move had come as a surprise to my opponent.  The above response was, again, not the move I expected.} (8... exd5 9. exd5 Ne7 (9... Qe7+ $6 10. Be2 Ne5 11. O-O $16) 10. d6 Nc6 11. Bf4) 9. c4 $2 {Here I became a victim of my pre-game expectations. I had expected to play a possible long game, as I knew that my opponent was skilled. I did not even consider the possibility that my position could already be winning -- and to look for that winning strike here. Under different psychological conditions I may have seen it:} (9. Bb5+ $1 Bd7 10. Bxd7+ Qxd7 11. Ne5 $1 {and the black queen lacks squares on the a4-e8 diagonals in order to properly defend its king, e.g.,} Qb5 12. dxe6 fxe6 13. Rb1 $1 {and White mates or wins major material.}) 9... Ng6 10. Bb2 {Constraining the options for Black's dark-squared bishop white entering a desired long diagonal of influence.} (10. e5 $1 {is objective best here, according to the engine, but would have felt a bit too adventurous for my taste and general style.} f6 11. Bd3 exd5 12. exf6 gxf6 13. O-O $16) 10... Qa5+ 11. Nd2 exd5 12. exd5 $6 {I knew this was an important decision, and I made mine on known positional principles -- opening the file of the opponent's king (which will be slow to castle), minimizing opponent counterplay (in this case on the queen-side), etc. It turns out that for very concrete and subtle reasons the other capture is better here:} (12. cxd5 Bd7 13. Rc1 f6 (13... Qxa2 $6 14. Nc4 Qa4 15. Qd2) 14. h4 Bd6 15. h5 Ne5 16. Bc3 (16. Be2 $6 Ba4 17. Bc3 Bxd1 18. Bxa5 Bxe2 19. Kxe2 b5 $1 $14) 16... Qc7 17. h6 {and although Black has managed to blockade White's central pawns and is somewhat ahead in development, Black has numerous weaknesses.}) 12... Bf5 $6 {A natural-looking developing move, but it gives White the initiative due to the unstable positions of Black's pieces.} (12... Bd6 13. Bxg7 Rg8 14. Bf6 Bf5 $14 {is better in comparison, but in practice it can be hard to appreciate -- especially from a distance -- the real benefits of sacrificing the g7-pawn: (a) White's king may be unsafe too as the g-file has opened, (b) the Bd6 blockades White's passer and also supports other Black pieces around the center.}) 13. Qf3 $1 Qb6 14. Bc3 ({I was aware that I had the option of} 14. O-O-O {but given that I had visible advantage in the position already, this choice seemed to me to be handing the opponent some real hope of counterplay and even attack. Closer inspection proves that it's White who gets the attack instead:} Ne7 15. Re1 Bd7 16. Bd3 f6 17. Qh5+ $16) ({In contrast, the option} 14. Qxf5 Qxb2 {seemed truly unthinkable given how much my position was relying on the strengths of White's dark-squared bishop.} 15. Rb1 Qxa2 16. Rxb7 Qa1+ 17. Ke2 {Who wants to bet on White's king safety here $2 :-)} Be7 18. d6 $1 $18 O-O 19. dxe7 Rfe8 20. Qb1 $1 $16) 14... Ne7 $6 {Black refuses to retreat. By this point clearly both opponents had strong (and not necessarily correct) opinions on what should be happening in the game.} (14... Bd7 15. Bd3 $16) 15. Nb3 $6 {A move intended to prevent a long-castle by Black -- and thus to keep the Black king in the center -- on the threat of the possible skewer Ba5.} (15. Ne4 {threatening d5-d6} Bxe4 16. Qxe4 O-O-O 17. g3 $16) 15... f6 $6 {Black is apparently tired of the pressure from White's dark-squared bishop on g7.} (15... h5 16. h3 Qd6 {would eventually achieve the (long) castle that Black may be desiring.}) 16. Bd3 {Developing white eliminating one of Black's most active pieces.} Bxd3 17. Qxd3 O-O-O $6 {Once again, impatience leads to inaccuracies in Black's play. A tell-tale sign was that by this moment White had spent ~95 minutes (of the available 120, plus increment, until move 40), while Black had thought for just under 25 minutes total.} (17... Ng6) 18. Ba5 {Objectively not the best option, but at this point the (desired winning) end seemed well within grasp, so the excitement was high. I know to apply care not chase \"pies in the sky\" and to double check when things seem too good, but even from that perspective the alternatives seemed too slow for me.} (18. O-O) 18... Qe6+ $1 {An excellent and quick find of a tactical resource by Black $1 That I had missed to see this move ahead of time, despite checking for surprises,   alarmed me. So I slowed down to make sure I'm not playing on emotion (any more).} 19. Kd2 $1 Qg4 $2 {This is where Black really needed to invest more than 2 minutes. Now the game is easily winning for White.} (19... Nxd5 20. Rhe1 $1 Qg4 21. Bxd8 Nb4 22. Qe4 Qxe4 23. Rxe4 Kxd8 24. Na5 b6 (24... Kc7 25. a3) 25. a3 {would lead to a winning advantage for White too, but nowhere nearly as quickly or obviously as the continuation in the game itself.}) 20. Bxd8 Kxd8 21. Nxc5 Qxg2 22. Qg3 $5 {White nearly \"all roads lead to Rome\" in a situation like this, there is nothing like the calming effect of removing the opponent's best attacker from the board -- even when it comes at the cost of some mild concessions.} Qxg3 23. hxg3 b6 24. Ne6+ Ke8 25. Rae1 Kf7 26. Nxf8 $5 {Not the first move that would come to mind if you're a positional player -- giving up a powerful knight for a blocked, undeveloped bishop. But concretely here the simplifications make White's conversion job easier to do than if that bishop were to survive and (re)enter the game.} Kxf8 27. d6 Nc6 28. d7 {White has seen a winning line, and is happy to make some concessions along the way in order to drive things in that direction using forcing moves. In practice, it is very important to make move choices that you know how to follow effectively towards your goal, even if they're not objectively the absolute best move. A win is a win, even if you get there via a different (but still reliable to you) route.} Kf7 29. Re8 $1 Rxe8 30. dxe8=Q+ Kxe8 31. Rxh7 Kf7 32. Rh8 $18 {This was the target position that White was aiming for in their calculations from several moves ago. The assessment, as it turns out correctly made, was that it should be an easy win from here due to the power of the rook and the presence of weak black pawns. The rest is applying patience and simple endgame technique.} Ne5 33. Kc3 Ng4 34. f3 Ne5 35. f4 Nc6 36. Rc8 Ne7 37. Rc7 a6 38. Rb7 g5 39. Rxb6 Nf5 40. fxg5 fxg5 41. Rxa6 Nxg3 42. Kd3 {While other paths toward the win exist for White, it's most prudent to make sure that the sole source of potential counterplay for the opponent -- in this case, the passed g-pawn -- cannot yield much counterplay anyway, as the White king approaches it in time to stop its forward motion.} g4 43. Ke3 Nh1 44. Rh6 Ng3 45. Kf4 1-0

[Event "WA State Championship (Rising Stars)"]
[Site "Redmond, WA"]
[Date "2024.02.18"]
[Round "8"]
[White "Lee, Boas"]
[Black "Wang, Leonardo"]
[Result "0-1"]
[WhiteElo "1721"]
[BlackElo "1785"]
[Annotator "Leonardo Wang"]
[PlyCount "146"]
[EventDate "2024.02.10"]
[EventType "tourn"]
[EventCountry "USA"]

{[%evp 0,79,39,-6,39,37,42,40,45,37,37,38,33,30,30,15,11,19,19,-28,-10,-27,5,-32,-35,-34,-40,-74,-65,-72,-32,-53,-20,-61,-61,-61,-28,-28,-31,-28,-31,-48,-3,0,-7,-18,0,0,-5,-15,-19,-16,-16,-23,-19,-16,-65,-87,-87,-84,-82,-92,-89,-88,-77,-86,-85,-111,-110,-116,-111,-105,-98,-103,-98,-102,-105,-116,-118,-118,-111,-121]} 1. c4 c6 2. Nf3 Nf6 3. Nc3 d5 4. e3 e6 5. d4 {Here the game transforms from an English to a Slav Defense.} Nbd7 6. Bd2 {[%cal Gc1d2,Gf2d4] This is a passive move, as the bishop is not doing a lot on d2.} Be7 7. Be2 dxc4 8. Bxc4 b5 9. Bb3 a6 10. O-O O-O 11. Rc1 Bb7 12. Qe2 c5 {Usually if black can play c5 in the Slav, black is fine. Here the position is about equal.} 13. dxc5 $6 {This move lets me activate my d7 knight and threaten the b3 Bishop.} Nxc5 {[%cal Gc5b3]} 14. Bc2 Qb6 15. Rfd1 Rfd8 16. Nd4 Rac8 17. Be1 Nce4 18. Nxe4 Nxe4 {[%cal Ge4f6]} 19. f3 Nf6 $6 {Since the idea of f3 is Bf2, Nc5 is a better move for me as it helps protect my queen from the f2 Bishop after white plays e4.} (19... Nc5 {[%csl Gc5][%cal Ge1f2,Gf2a7]}) 20. Bf2 {I missed Bf2, but after my opponent played it, I realized that my queen does not have a good place to go.} Qa7 {[%cal Ge3e4,Ga7b8] The idea is that I can play Qb8 if my opponent plays e4.} 21. Nb3 Qb8 22. Bb1 Rxd1+ 23. Rxd1 {[%csl Gf6,Gb7][%cal Ge3e4,Gf2a7]} Bd5 24. Bg3 Qb6 25. Bf2 Bxb3 {Here I thought that it was worth giving the bishop pair because white's pawns are now weak.} 26. axb3 Bc5 27. Qd3 g6 {[%cal Gf6d5] This helps stop any Qh7 ideas, as I want to play Nd5.} (27... Nd5 {[%cal Gd3h7]}) 28. b4 $2 {I'm not sure why my opponent played this, but now I have a better position because I'm up a pawn.} Bxb4 29. Kf1 Bc5 30. Ba2 Nd5 31. Bxd5 exd5 32. Qxd5 Bxe3 33. Bxe3 Qxe3 34. Qd4 {Here he was in severe time trouble, so he didn't calculate the queen trade. I decided not to take because my opponent's king is closer to the queenside.} Qe6 {[%csl Ge6,Gf1]} (34... Qxd4 35. Rxd4 Rc1+ 36. Ke2 Rc2+ 37. Rd2 Rxd2+ 38. Kxd2 Kf8 39. Kc3 Ke7 40. Kb4) 35. Re1 Qc6 36. Ra1 Re8 37. Rd1 a5 38. Qd7 {[%cal Gc6c4,Gd7d3] Here I'm forced to take, as Qc4+ goes nowhere after Qd3.} Qxd7 39. Rxd7 Re3 40. Rd2 Kf8 41. Kf2 Rb3 {[%csl Ge3,Gb3][%cal Ge6e3,Ge3b3]} 42. Ke2 Ke7 43. Kd1 Ke6 44. Re2+ Kd6 45. Kc2 {[%cal Ga5a4]} Rb4 46. Rd2+ Kc5 47. Rd7 Rf4 48. Rd8 Kb4 49. Rh8 h5 50. Re8 Rc4+ 51. Kb1 $6 {This is a bad move, as white has trapped his own king on the queenside. Here I decided to move my king over the kingside and go after his kingside pawns.} Rc6 52. Re4+ Kc5 53. Re5+ Kc4 54. Re7 f5 55. Ra7 a4 56. Rd7 Re6 57. Rb7 Re1+ 58. Ka2 {I got distracted and missed Ka2. I thought after Kc2 I would win a pawn by force.} Re2 59. g3 Rxh2 60. Rg7 Rg2 61. Rxg6 f4 $1 {Wining the g-pawn, as white can't take gxf4 because of Rxg6} 62. Rc6+ (62. g4 hxg4 63. fxg4 f3) 62... Kd5 63. Rh6 Rxg3 64. Rxh5+ Kc4 65. Rf5 Rxf3 66. Rf8 Rf1 67. Rf5 {Here I completely missed b4! which wins the game immediately.} f3 (67... b4 {[%cal Gb4b3,Gf1a1]}) 68. Rf4+ Kd3 69. Rf8 Ke2 70. Re8+ Kf2 71. Rf8 Re1 72. Rf7 Re5 73. Rf8 Ke2 {Here White resigned, we both put up a good fight considering this is a 5 + hour long game} 0-1

[Event "WA State Championship (Rising Stars)"]
[Site "Redmond, WA"]
[Date "2024.02.19"]
[Round "9"]
[White "Razmov, Gabriel"]
[Black "Gadde, Arnav"]
[Result "1-0"]
[WhiteElo "1774"]
[BlackElo "1556"]
[Annotator "Gabriel Razmov"]
[PlyCount "85"]
[EventDate "2024.02.10"]
[EventType "tourn"]
[EventCountry "USA"]

{[%evp 0,85,32,27,41,3,19,-1,5,-31,3,-15,-13,-29,-10,-32,-10,-10,-20,-16,-5,-22,-9,-27,3,-19,-20,-43,-51,-35,-36,-36,-17,-23,-8,-23,-43,-36,-17,-17,0,-20,2,-26,71,64,81,73,90,91,130,129,143,135,193,191,218,113,220,115,133,112,114,108,112,111,107,101,171,145,153,145,160,160,222,208,212,205,195,211,214,214,215,231,231,229,1021,1049]} 1. e4 e6 2. d3 d5 3. Nd2 {I chose this sideline to avoid mainline French theory, which my opponent might be better prepared in. This variation leads to a complex fight that ends up quite like some King's Indian Attack positions.} Nf6 4. g3 c5 5. Bg2 Nc6 6. h3 $5 $146 {An interesting novelty, played to avoid a future ...Ng4 by Black that could lead to a possibly weak e3-square.} (6. Ne2 Be7 7. O-O O-O 8. Nf4 {is a more common variation.}) 6... Be7 7. Ne2 h6 8. O-O O-O 9. f4 $6 {White begins to overextend here, dreaming about attacking and/or having major control over the center. Better was 9.c4, fighting for the d5 square.} (9. c4 d4 {and now} (9... dxe4 {is another try, after which} 10. dxe4 $1 Nh7 11. Nc3 b6 12. Nf3 Bb7 13. Bf4 g5 14. Be3 {leads to a dynamic equality.}) 10. f4 {when White has a quite acceptable position.}) 9... d4 $6 {Closing the center, and wrongly so. Black should aim to open up the center to try to dispel White's ideas of kingside expansion.} (9... dxe4 {would be a better choice. After something like} 10. Nxe4 Nxe4 11. dxe4 Qc7 12. Nc3 Rd8 13. Qg4 Nd4 $15 {Black would retain an edge.}) 10. Nf3 $14 Qc7 11. c4 $6 {Aiming to control the d5-square, but missing that after Black captures en passant on c3 White cannot recapture with a pawn.} (11. g4 $1 {would have been the right move, following up on the plan for kingside expansion. Clearly White's planning wasn't very consistent here.} e5 (11... a5 12. Ng3 a4 13. a3 c4 14. e5 $14) 12. f5 $14 {and White would have a very nice attacking position.}) 11... dxc3 $15 12. Nxc3 (12. bxc3 {would hand Black a good position after} c4 13. e5 cxd3 14. Qxd3 Rd8 $15 {when Black has a slight edge and the kingside is no longer a danger to them.}) 12... Rd8 13. Qe2 b6 14. e5 $6 {Attempting to expand even more in the center, but this ends up closing the center, which is not what White should aim for. In addition, it gives the d5 square to Black on a silver platter.} (14. Be3 Ba6 15. Rfd1 Nd4 16. Qf2 $15 {retaining a complex position with chances for both sides.}) 14... Nd5 $17 {Now Black owns the center, and White is clearly experiencing difficulties.} 15. Nxd5 exd5 $2 {An automatic and understandable choice, but an incorrect one. The d-file is more important, and White does not get that much pressure along the long diagonal, which is probably what Black was worried about.} (15... Rxd5 $1 16. Ne1 Rd8 17. Be3 Bb7 {and Black has stabilized the diagonal and retains an overall advantage.}) 16. a3 $6 {Trying to keep the Black knight off of b4, but this is a slow approach.} (16. g4 {was a better plan, once again going for a 4-vs-3 kingside expansion and attack. One defensive plan for Black may be} f5 17. exf6 Bxf6 18. g5 {with a sharp position.}) 16... Be6 $2 {An attempt at defense, but the bishop is misplaced on e6 - the long diagonal would suit it better.} (16... f5 {is a more active defensive plan, leading to an unclear and approximately equal position after} 17. Be3 Be6 $15) 17. Be3 $2 {Once again, indecisive. White should go for the kingside attack, which he started pursuing early on.} (17. g4 $1 {and White has a clear advantage after} Bc8 (17... g6 $6 {does not work due to} 18. f5 gxf5 19. gxf5 Bxf5 20. Bxh6) 18. f5 f6 19. Bf4) 17... d4 {Now, Black might get counterplay with ...c4 in the future. White must tread carefully.} 18. Bf2 $10 Rac8 19. Nd2 Qd7 20. Kh2 $6 (20. g4 $1 {is more accurate, keeping the balance. It also underscores how badly placed Black's Be6 is.} Bd5 21. Ne4 $10) 20... Bd5 $6 (20... Na5 $1 21. Rac1 b5 $15) 21. Ne4 Bxe4 $2 {A clear error, as the Ne4 wasn't going anywhere. Now White can pursue the kingside attack with energy and obtain a big advantage.} (21... Na5 $1 {is a more active plan, aiming for ...c4 with lots of counterplay for Black. Both sides have chances, but Black easily has an edge.} 22. Qh5 c4 $15) 22. Bxe4 $16 f5 23. Bf3 (23. exf6 $1 Bxf6 24. g4 $16) 23... Rf8 24. g4 Rc7 $6 (24... Bd8 25. gxf5 $18) 25. Bg3 $18 {Stabilizing the f4-pawn. Another strong continuation was to capture immediately.} (25. gxf5 Rxf5 (25... Qxf5 26. Bg3 $18 {with the same idea as the game.}) 26. Bg4) 25... fxg4 $6 (25... g6 26. Rg1 Kh7) 26. Bxg4 Qd5 27. f5 Kh8 28. Rae1 Bg5 29. e6 $2 {Missing an immediate win, after which White's advantage begins to slide.} (29. f6 $1 {is a neat tactic which takes advantage of the weak e6-square. White missed that after 29...gxf6 30.exf6 Rcf7 they have 31.Be6, winning material.} Qd8 30. Qe4 c4 31. dxc4 Na5 32. fxg7+ Rxg7 33. Rxf8+ Qxf8 34. Qxd4 $18 {White is easily winning in this position.}) 29... Rcc8 30. Bf3 Qb3 31. Be4 $6 (31. Bxc6 $1 {is an interesting opportunity aiming to remove any chances of a blockade on e7. After} Rxc6 32. Qh5 $1 Qxd3 33. Rf2 $1 $18 {with the idea to remove the rook from the vulnerable f1-square, thus preventing ...Rxf5. White has a winning advantage owing to their passed pawns.}) 31... Bf6 32. Qg2 Ne7 33. Rf2 $6 (33. Bd6 $16 {was slightly better, limiting Black's activity. At this point, White is still better, but no longer as convincingly.}) 33... Qa4 $2 {A losing mistake, after which White converts smoothly.} (33... c4 $1 {aiming for counterplay was once again the best defensive plan, though Black remains in difficulties after} 34. Bd6 $16) 34. Bd6 Qe8 35. Bb7 Rd8 36. Bc7 {Winning an Exchange via trapping the Black rook.} Rc8 $6 {Essentially a resignation.} (36... c4 $5 {tries to fight on, though after} 37. dxc4 d3 38. Bxd8 Qxd8 39. Be4 $18 {White retains a winning position.}) 37. Bxc8 Qxc8 38. Be5 Bxe5+ 39. Rxe5 Qc7 40. Qg3 $1 {Carefully unpinning the Re5.} Rf6 41. Re1 Qxg3+ 42. Kxg3 Nxf5+ $6 {Missing a tactic for White, although Black's position is objectively lost already. After} 43. Rxf5 {my opponent resigned, seeing that the e-passer cannot be stopped. This was an interesting, back-and-forth game in which White did not stay consistent to the early plan of attacking on the kingside. As a result, Black had his chances with queenside and central counterplay, but missed opportunities to put pressure there and eventually, the pressure on him took its toll, so White was able to prevail. This win allowed me to tie for 3rd place, which was quite pleasing after a loss on the previous day had taken me out of contention for 1st place in my section.} 1-0